000 00572nam a2200181Ia 4500
008 090123s9999 xx 000 0 und d
082 _b34510
100 _aकेळकर अरुण
245 _aबॅलन्सशीट :एक ओळख
250 _a0
260 _bऔदुंबर प्रकाशन
_c2002
300 _a80
600 _aकेळकर अरुण
630 _aबॅलन्सशीट :एक ओळख
700 _aकेळकर अरुण
730 _aबॅलन्सशीट :एक ओळख
942 _cBOOK
999 _c72565
_d72565